Oficio fiscal en las causas criminales, en que se ha procedido en juicio abierto por acusación contra Rodrigo Calderón, involucrado en la muerte de una Reina

Detalles Bibliográficos
Otros Autores: Rodrigo Calderón
Formato: Libro
Publicado: Sevilla, s. XVII
Materias:
Colección:Banco de datos
Acervo:Biblioteca Palafoxiana. Colección de Manuscritos
Descripción Física:555 f. ; 21.5 x 29.5 cm.
Tema general:Eclesiástica
LEADER 00510nam a22001450004500
035 |a 309 
245 1 0 |a Oficio fiscal en las causas criminales, en que se ha procedido en juicio abierto por acusación contra Rodrigo Calderón, involucrado en la muerte de una Reina 
260 |a Sevilla, s. XVII 
300 |a 555 f. ; 21.5 x 29.5 cm. 
650 1 0 |a Eclesiástica 
700 1 |a Rodrigo Calderón 
949 |a 19339/001 
942 |c PALAMANU 
943 |g Biblioteca Palafoxiana. Colección de Manuscritos 
999 |c 1068254  |d 1068254